Geography Now Opening Lines - "M" Countries - Statistics

General Stats
  • This quiz has been taken 15 times
  • The average score is 15 of 18
Answer Stats
Quote Country % Correct
"Ah, [country]! It's not a Latin country. You're thinking "maracas". It's in the Arab world. It's not really Arab much. It's in Africa and not the Middle East. But it borders Spain, literally. Like three times. This is gonna be a fun one." Morocco
100%
"For years, you guys have been joking over and over by saying: "Oh, by the time Geography Now gets to the [country] episode, the country is gonna be underwater." Well, ha ha ha ha! Guess who's still staying afloat!" "Islands don't float." "Oh yeah, hey Hannah, how you doing?" "I'm Marvelous!" "Hannah, you know, what?" "What?" "How would you like a lot of lines in this episode?" "That sounds great!" "All right, you're in." Maldives
93%
"Now, if there was one country that holds all the deepest secrets and treasures of historical Africa, you might say "Egypt? Ethiopia?", which, okay, yeah. Those are viable candidates. But try a country with the richest guy that ever existed, with cities flourishing in science, astronomy, and literature and gold! It looks like good old joll- [country] just stepped in the ring!" Mali
93%
"Hey everybody, years ago, do you remember how we did the Comoros episode and I said I couldn't find anybody from Comoros but I got the next best thing: A dude from [country]? Well, you guys remember Nick, my one [from country] friend. Say hi!" "Hey guys! Great to see you again!" "Nick will be co-hosting with me for this episode. Nick, what is one thing about [country] you'd like everybody to know?" "Well actually, I'm born and raised British but you know my heritage? Yep. Woo hoo!" "Meh, good enough." Mauritius
93%
"Alright so today we cover [country]! There's an old [country] joke: All the billionaires are too scared to go out of their houses without bodyguards. Why? Because there's too many millionaires on the street. Ehehehehehe..." Monaco
93%
"Ah! It is so great to be back in the Balkans. I actually love researching this place because it's like you'll never get bored. It's Europe's most dysfunctional family. However, when it comes to [country], it's kind of like...Welcome to quite possibly the sleepiest nation on the planet." Montenegro
93%
"Remember how in the Ghana episode, I told you that Ghana was like the perfect starting point for beginners interested in visiting Sub-Saharan Africa? Well, [country] is like the advanced level 10 version. Let's just say: If you come, you might be better off with a shovel and copper wire than a credit card." Malawi
86%
"Well, here we go! Ever since I made the Indonesia episode, you have no idea how many [people from country] were like" "Okay now that you did our cousin's episode. Do not mess with ours." "Oh, don't worry [country]. And here to reassure you, I made you some Nasi Goreng." Malaysia
86%
"Oh this place! It's like the strangest little sovereign island nation with this strangest little language, with the strangest little homes, on the strangest little landscape!" "Ah, why thank you." "I said sovereign, you're constituent." "Oh you did not just..." "Okay, time to go!" "Noooooooooooo!" "Anyway this episode is about [country]..." Malta
86%
"¡Ah! ¡ Finalmente hemos llegado al episodio de [country]! Pero no puedo hacer esto sin un [person from country in local language] de verdad...¡Bienvenida a mi amigo César de Puerto Vallarta!" "¡Hola buenos tardes a todos!" "César, si tu pudieras decir una cosa de [country] para abrer este episodio...¿qual seria?" "[country] es un pais místico, colorido, lleno de cultura y tradiciónes. [country] va mucha más allá del mariachi y tequila solamente, e pronto los cantaremos." "Bueno. Oh, yeah, and he speaks English, too." "Oh, yeah. I went to college in Texas. So a little bit." Mexico
86%
"You know, if the Portuguese-speaking countries were hanging out in a group it would look kind of like this: Guys, guys, guys...estou entediado. Eu vou ficar com o meu outros amigos Tanzânia e África do Sul...and I'm gonna start speaking English now. Eu nunca deixarei." Mozambique
86%
"Guys, the only way we can open up this episode is with a fair use safe parody song. Ohhhhhhhh! Who lives in a radioactive atoll? Invertebrates! And possibly caused a big monster to grow? It's Godzilla! But seriously this place has some cool stuff! Like no copyright law! Come visit if you think that it is a bluff! [country]! [country]! Little controversial! But still...cool placee!!! Pandering much? You bet. Hi, Gen-Z." Marshall Islands
79%
"Imagine a person who speaks Russian, is Orthodox, eats borscht, and lives in a state that is slowly trying to introduce market enterprise in a partial state-run system. Chances are, you're a Russian right? Nope, Latin. At least in [country]." Moldova
79%
"Now you guys know I'm half Korean. If you don't know much about East Asia, basically: Putting aside all the political differences, at the end of the day, the nearly two billion of East Asians like Koreans, Japanese and Chinese are distant cousins. Then little [country] comes in with less than 3 million people and they step on the scene and it's like "Oh, hey, hey grandpa."" Mongolia
79%
"Oooh this is gonna be a good one. Very few people know anything about [country]. AKA, the land of wind and ghosts. Strangers from a vibrant background with forbidden actions that linger hidden in the sands lost in time. Whoa, that sounded like the preface of a romance novel. Well that's one more thing I can add to the list of things to pursue in case Geography Now! crashes and burns." Mauritania
71%
"Hey everybody, so you know today..." "That's for the terrible puns from last episode!" "Take that! It's for Bob Saget!" "Bob Saget!" "Bob Saget!" "Anyway!" Madagascar
57%
"Hey everybody. Before you watch this episode, just a little disclaimer: I was stupid and I booked the wrong day at the YouTube space so we weren't able to film in the studios. So I had to improvise and we filmed in my house. So the next two episodes are gonna have the same quality of how we used to film the episodes back in like 2016. Relatively poor echoey, audio quality and very visible black backdrop. But I did not want to 'not upload a video this week' , so I had to give you something, I mean, these Geography Now! videos are mostly just about the information. Right...right...right?? I'm sorry guys. But anyway, I tried my best and I still want to give you a video this week, so without further ado, here we go." Micronesia
57%
"[country]? There is a country called [country]? Never heard of it." "Yes you have" "No, I really haven't." "You know what this is, right?" "Uh yeah that's a [from country] python." "Well there you go, "[from country]". "Well, that's [former name of country]." "Yeah". "But, [country]" "Is [former name of country]." "It's...Ohhhhh." Myanmar
50%
No matching quizzes found
Score Distribution
Percent of People with Each Score
Percentile by Number Answered
Your Score History
You have not taken this quiz